Universal's new law on Hindu succession / (Record no. 67487)
[ view plain ]
| 000 -LEADER | |
|---|---|
| fixed length control field | 00456nam a22001577a 4500 |
| 005 - DATE AND TIME OF LATEST TRANSACTION | |
| control field | 20180723170858.0 |
| 020 ## - INTERNATIONAL STANDARD BOOK NUMBER | |
| International Standard Book Number | 817534489X |
| Terms of availability | 250.00 |
| 035 ## - SYSTEM CONTROL NUMBER | |
| System control number | B-220690, B-220689 |
| 037 ## - SOURCE OF ACQUISITION | |
| Stock number | DPL |
| Source of stock number/acquisition | ENG |
| 100 ## - MAIN ENTRY--PERSONAL NAME | |
| Personal name | Das, P.K. |
| 245 ## - TITLE STATEMENT | |
| Title | Universal's new law on Hindu succession / |
| Statement of responsibility, etc | by P.K. Das |
| 250 ## - EDITION STATEMENT | |
| Edition statement | rprn. |
| 260 ## - PUBLICATION, DISTRIBUTION, ETC. (IMPRINT) | |
| Place of publication, distribution, etc | New Delhi |
| Name of publisher, distributor, etc | Universal Law Publishing Co. |
| Date of publication, distribution, etc | 2006 |
| 300 ## - PHYSICAL DESCRIPTION | |
| Extent | xi, 259p. |
| Dimensions | 22 cms. |
| 942 ## - ADDED ENTRY ELEMENTS (KOHA) | |
| Source of classification or shelving scheme | Dewey Decimal Classification |
| Item type | English Books |
| Classification part | 346.54052 |
| Call number suffix | DAS |
| Withdrawn status | Lost status | Not for loan | Collection code | Home library | Current library | Date acquired | Cost, normal purchase price | Full call number | Barcode | Cost, replacement price | Koha item type | Source of acquisition |
|---|---|---|---|---|---|---|---|---|---|---|---|---|
| Non-fiction | Patel Nagar | Patel Nagar | 23/07/2018 | 250.00 | 346.54052 DAS | B-220689 | 250.00 | English Books | BPPD/PUB | |||
| Non-fiction | Sarojini Nagar | Sarojini Nagar | 04/06/2012 | 250.00 | 346.54052 DAS | B-220690 | 250.00 | English Books |
